[Event "Chigorin Memorial 30th"]
[Site "St Petersburg"]
[Date "2023.10.29"]
[Round "9"]
[White "Ryumin, Zakhar"]
[Black "Bondarenko, Ivan"]
[Result "1/2-1/2"]
[WhiteElo "1999"]
[BlackElo "2101"]
[PlyCount "98"]
[EventDate "2023.10.21"]
[EventType "swiss"]
[EventRounds "9"]
[EventCountry "RUS"]
[SourceTitle "Mega2024 Update 01"]
[Source "Chessbase"]
[SourceDate "2023.11.12"]
[SourceVersion "1"]
[SourceVersionDate "2023.11.12"]
[SourceQuality "1"]

1. d4 Nf6 2. Nf3 e6 3. Bf4 c5 4. e3 Nc6 5. Nbd2 d5 6. c3 cxd4 7. exd4 Nh5 8. Be3 Bd6 9. Ne5 g6 10. Be2 Ng7 11. Ndf3 f6 12. Nd3 e5 13. dxe5 fxe5 14. Nc5 Bc7 15. Qb3 Na5 16. Qa4+ Kf7 17. b4 Nc6 18. Rd1 Ne7 19. Qb3 Qe8 20. Bg5 Ngf5 21. g4 h6 22. gxf5 hxg5 23. Nxg5+ Kf6 24. Nge4+ dxe4 25. Nxe4+ Kg7 26. f6+ Kf8 27. Qc4 Qc6 28. fxe7+ Kxe7 29. Rg1 Qxc4 30. Bxc4 Rh6 31. Bd5 Rb8 32. h4 Bf5 33. h5 Rxh5 34. Ng3 Rh7 35. Nxf5+ gxf5 36. Bg8 Rh8 37. Rg7+ Kf6 38. Rxc7 Rhxg8 39. Rdd7 Rg1+ 40. Ke2 Ra1 41. Ke3 Ke6 42. Re7+ Kf6 43. Red7 Ke6 44. Rh7 f4+ 45. Kf3 Rf8 46. Rxb7 Rxa2 47. Rhe7+ Kf6 48. Rxa7 Rc8 49. Ke4 Rxc3 1/2-1/2

[Event "Chigorin Memorial 28th"]
[Site "St Petersburg"]
[Date "2021.10.30"]
[Round "8"]
[White "Ryumin, Zakhar"]
[Black "Dushin, Nikolay"]
[Result "1-0"]
[WhiteElo "1430"]
[BlackElo "1855"]
[PlyCount "145"]
[EventDate "2021.10.23"]
[EventType "swiss"]
[EventRounds "9"]
[EventCountry "RUS"]
[SourceTitle "EXT 2023"]
[Source "ChessBase"]
[SourceDate "2022.10.05"]
[SourceVersion "1"]
[SourceVersionDate "2022.10.05"]
[SourceQuality "1"]

1. Nf3 g6 2. d4 Bg7 3. e4 d6 4. Bc4 e6 5. 0-0 Ne7 6. Re1 a6 7. a4 b6 8. c3 Bb7 9. Bb3 Nd7 10. Nbd2 h6 11. Bc2 b5 12. Qe2 bxa4 13. Bxa4 0-0 14. Nf1 Kh7 15. Ng3 Ng8 16. h4 Nb6 17. Bc2 a5 18. h5 e5 19. dxe5 dxe5 20. Be3 Ba6 21. Qd2 Nc4 22. Qxd8 Rfxd8 23. Bc1 Bc8 24. b3 Nd6 25. hxg6+ fxg6 26. Bb2 Bg4 27. Nd2 h5 28. c4 Nb5 29. cxb5 Rxd2 30. Rec1 h4 31. Nf1 Rd7 32. Bc3 Be2 33. b4 Bxb5 34. bxa5 Ne7 35. Rcb1 c6 36. Nd2 Bd3 37. Bxd3 Rxd3 38. Bb4 Nc8 39. Nf3 Bf6 40. a6 Na7 41. Be7 Bxe7 42. Rb7 Nc8 43. Nxe5 Rd6 44. a7 Kg7 45. Rc7 Rxa7 46. Raxa7 Nxa7 47. Rxa7 Kf6 48. f4 g5 49. Ng4+ Kf7 50. f5 Ke8 51. Ra8+ Bd8 52. e5 Rd4 53. Nf6+ Kf7 54. Ra7+ Be7 55. Nh7 Ke8 56. f6 Rd1+ 57. Kh2 Bc5 58. f7+ Kd8 59. f8Q+ Bxf8 60. Nxf8 Re1 61. Ng6 g4 62. Rh7 g3+ 63. Kh3 Rh1+ 64. Kg4 c5 65. e6 c4 66. e7+ Kd7 67. Ne5+ Ke8 68. Kf5 h3 69. Ke6 hxg2 70. Rg7 Rh6+ 71. Ng6 Rxg6+ 72. Rxg6 g1Q 73. Rg8# 1-0

[Event "Chigorin Memorial 28th"]
[Site "St Petersburg"]
[Date "2021.10.29"]
[Round "7"]
[White "Butvin, Andrey"]
[Black "Ryumin, Zakhar"]
[Result "1-0"]
[WhiteElo "1781"]
[BlackElo "1430"]
[PlyCount "39"]
[EventDate "2021.10.23"]
[EventType "swiss"]
[EventRounds "9"]
[EventCountry "RUS"]
[SourceTitle "EXT 2023"]
[Source "ChessBase"]
[SourceDate "2022.10.05"]
[SourceVersion "1"]
[SourceVersionDate "2022.10.05"]
[SourceQuality "1"]

1. d4 Nf6 2. c4 e6 3. Nc3 d5 4. Bg5 Bb4 5. e3 dxc4 6. Bxc4 c5 7. Nge2 Nc6 8. 0-0 cxd4 9. exd4 Bxc3 10. bxc3 0-0 11. Qd3 Bd7 12. Bb3 Qc7 13. Bc2 Rfc8 14. Bxf6 gxf6 15. Qxh7+ Kf8 16. Rfe1 Ke7 17. Ng3 Rf8 18. Rad1 Rae8 19. d5 Rh8 20. d6+ 1-0

[Event "Chigorin Memorial 28th"]
[Site "St Petersburg"]
[Date "2021.10.26"]
[Round "4"]
[White "Ryumin, Zakhar"]
[Black "Kozubov, Mikhail"]
[Result "1-0"]
[WhiteElo "1430"]
[BlackElo "1690"]
[PlyCount "105"]
[EventDate "2021.10.23"]
[EventType "swiss"]
[EventRounds "9"]
[EventCountry "RUS"]
[SourceTitle "EXT 2023"]
[Source "ChessBase"]
[SourceDate "2022.10.05"]
[SourceVersion "1"]
[SourceVersionDate "2022.10.05"]
[SourceQuality "1"]

1. e4 e6 2. d4 d5 3. Nd2 Nf6 4. Bd3 dxe4 5. Nxe4 Nbd7 6. Nf3 Be7 7. 0-0 0-0 8. Qe2 b6 9. Bd2 Bb7 10. Rfd1 h6 11. a4 a5 12. c3 Re8 13. Ne5 Nxe4 14. Bxe4 Bxe4 15. Qxe4 Nxe5 16. dxe5 Qd5 17. Qg4 Qxe5 18. Bxh6 Bd6 19. g3 Qf6 20. Be3 Rad8 21. Qh5 Qf5 22. Qxf5 exf5 23. Rd5 Re5 24. Rad1 Rxd5 25. Rxd5 g6 26. b4 axb4 27. cxb4 Ra8 28. a5 Bxb4 29. axb6 cxb6 30. Bxb6 Bc3 31. Rd8+ Rxd8 32. Bxd8 Kf8 33. Kg2 Ke8 34. Bb6 Kd7 35. f4 Kc6 36. Bd8 Kd5 37. Kf3 Bd4 38. h3 Kc4 39. g4 fxg4+ 40. Kxg4 f6 41. h4 Kd5 42. f5 Ke5 43. fxg6 f5+ 44. Kf3 Ke6 45. h5 Bc3 46. h6 Be5 47. Bg5 Bd4 48. Kg3 Be5+ 49. Kh4 Bc3 50. Kh5 Be5 51. h7 f4 52. Bxf4 Bg7 53. Bh6 1-0